[Event "AUTO-ADV-4934"]
[Site "http://www.queenalice.com/game.php?id=1872865"]
[Date "2026.5.3"]
[Round "1"]
[White "Fischercat"]
[Black "Fauquinelle"]
[Result "1-0"]
[WhiteElo "1935"]
[BlackElo "2033"]

1. d4 d5 2. Nc3 Bf5 3. Bf4 a6 4. g3 Nf6 5. Bg2 e6 6. Bh3 Bg6 7. Nf3 Bb4 8. O-O
Bxc3 9. bxc3 Ne4 10. Nd2 Nxc3 11. Qe1 Nd7 12. Nb3 O-O 13. Qxc3 Rc8 14. Nc5 b6
15. Nxa6 Nb8 16. Nxb8 1-0

[Event "AUTO-ADV-4934"]
[Site "http://www.queenalice.com/game.php?id=1872866"]
[Date "2026.5.3"]
[Round "1"]
[White "Fauquinelle"]
[Black "MHRangel"]
[Result "1-0"]
[WhiteElo "2070"]
[BlackElo "1834"]

1. e4 c5 2. Nf3 Nf6 3. e5 Nd5 4. c4 Nb4 5. a3 N4c6 6. Be2 g6 7. b3 Bg7 8. Bb2
O-O 9. O-O d6 10. Nc3 Nxe5 11. Nxe5 Bxe5 12. Bf3 e6 13. g3 f5 14. Bg2 Bd7 15.
Bxb7 Nc6 16. Bxa8 Qxa8 17. Rb1 a5 18. Na2 Nd4 19. f4 Bf6 20. Bxd4 Bxd4+ 21. Rf2
Bxf2+ 22. Kxf2 Rb8 23. d4 Bc6 24. d5 exd5 25. cxd5 Bxd5 26. Nc3 Be4 27. Nxe4
Qxe4 28. Rb2 d5 29. Re2 Qd4+ 30. Qxd4 cxd4 31. Rb2 Rc8 32. b4 axb4 33. axb4 d3
34. Ke3 Rc2 35. Rxc2 dxc2 36. Kd2 c1=Q+ 37. Kxc1 Kf7 38. Kd2 Ke6 39. Kd3 Kd6 40.
Kd4 Kc6 41. b5+ Kxb5 42. Kxd5 1-0

[Event "AUTO-ADV-4934"]
[Site "http://www.queenalice.com/game.php?id=1872867"]
[Date "2026.5.3"]
[Round "1"]
[White "MHRangel"]
[Black "Fauquinelle"]
[Result "1-0"]
[WhiteElo "1798"]
[BlackElo "2120"]

1. d4 d5 2. c4 c6 3. cxd5 cxd5 4. Nc3 e6 5. a3 g6 6. Nf3 Bg7 7. e4 a6 8. Bd3 Ne7
9. e5 Qb6 10. O-O O-O 11. Bg5 Nf5 12. Na4 Qa7 13. Qb3 Nc6 14. Bxf5 gxf5 15. Qb6
Rb8 16. Qxa7 Nxa7 17. Nb6 Nc6 18. b4 Nxd4 19. Nxd4 Bxe5 20. Rad1 f6 21. Bh6 Rf7
22. Nxc8 Rxc8 23. Nxe6 Rd7 24. Nc5 Rdd8 25. Nxb7 d4 26. Nc5 Rc6 27. a4 Kf7 28.
Nb7 Rb8 29. Na5 Rc7 30. Bd2 Ke6 31. Rc1 Kd5 32. Nb3 Rbc8 33. Rc5+ Rxc5 34. Nxc5
a5 35. Nd3 axb4 36. Nxb4+ Kd6 37. f4 1-0

[Event "AUTO-ADV-4935"]
[Site "http://www.queenalice.com/game.php?id=1873150"]
[Date "2026.5.8"]
[Round "1"]
[White "mvson33"]
[Black "Fauquinelle"]
[Result "0-1"]
[WhiteElo "1820"]
[BlackElo "2097"]

1. Nf3 b6 2. e4 Bb7 3. Nc3 e6 4. Bc4 g6 5. O-O Bg7 6. d3 Ne7 7. Bg5 Nbc6 8. Qd2
O-O 9. Rad1 Na5 10. Bb3 Nxb3 11. axb3 f6 12. Bh4 d5 13. exd5 Nxd5 14. Nxd5 Bxd5
15. Nd4 e5 16. Nf3 Qd6 17. Bg3 f5 18. h3 f4 19. Bh2 Bxf3 20. gxf3 Rf5 21. Kh1
Qd7 22. Kg2 Rg5+ 23. Bg3 Bh6 24. h4 Rh5 25. Qe2 Re8 26. Rfe1 fxg3 27. fxg3 g5
28. f4 Qf7 29. fxg5 Bg7 30. Rf1 Qg6 31. Kh3 h6 32. Rf3 hxg5 33. Rdf1 g4+ 34. Kh2
gxf3 35. Qxf3 Rf8 36. Qg2 Rhf5 37. Rxf5 Qxf5 38. Kg1 c5 39. g4 Qf4 0-1

[Event "AUTO-ADV-4935"]
[Site "http://www.queenalice.com/game.php?id=1873151"]
[Date "2026.5.8"]
[Round "1"]
[White "Fauquinelle"]
[Black "mvson33"]
[Result "1-0"]
[WhiteElo "2099"]
[BlackElo "1832"]

1. d4 Nf6 2. Nf3 d5 3. c4 dxc4 4. Qa4+ Nc6 5. Nc3 Bd7 6. Qxc4 g6 7. e4 Bg7 8.
Be2 O-O 9. O-O Rb8 10. Be3 e6 11. h3 a6 12. Bg5 Qe8 13. e5 Nd5 14. Nxd5 exd5 15.
Qxd5 Be6 16. Qc5 Rc8 17. d5 Bxd5 18. Qxd5 Nxe5 19. Rac1 Nxf3+ 20. Bxf3 c6 21.
Qb3 b5 22. Qa3 Qd7 23. Bg4 f5 24. Rfd1 Qb7 25. Bf3 Bf6 26. Bh6 Rfe8 27. Rd6 Be7
28. Bxc6 Rxc6 29. Qb3+ Kh8 30. Rdxc6 1-0

[Event "AUTO-ADV-4935"]
[Site "http://www.queenalice.com/game.php?id=1873158"]
[Date "2026.5.8"]
[Round "1"]
[White "zubarev"]
[Black "Fauquinelle"]
[Result "0-1"]
[WhiteElo "1979"]
[BlackElo "2030"]

1. d4 c6 2. e4 d5 3. exd5 cxd5 4. Nc3 Bf5 5. Bd3 Bxd3 6. Qxd3 Nc6 7. Nf3 Nf6 8.
O-O e6 9. Bg5 Be7 10. Rfe1 O-O 11. Ne5 Nxe5 12. dxe5 Nd7 13. Bxe7 Qxe7 14. f4 f5
15. exf6 Qxf6 16. Re2 Nc5 17. Qe3 d4 18. Ne4 dxe3 19. Nxc5 Qxb2 20. Rae1 Qb6 21.
Nd7 Qd4 22. Ne5 Rxf4 23. Rxe3 Re4 0-1

[Event "AUTO-ADV-4935"]
[Site "http://www.queenalice.com/game.php?id=1873159"]
[Date "2026.5.8"]
[Round "1"]
[White "Fauquinelle"]
[Black "zubarev"]
[Result "1-0"]
[WhiteElo "2091"]
[BlackElo "1966"]

1. d4 d5 2. c4 e6 3. Nf3 Nf6 4. Nc3 Bb4 5. Bg5 Be7 6. cxd5 Nxd5 7. Bxe7 Nxe7 8.
e4 O-O 9. Rc1 c6 10. Bc4 Nd7 11. O-O Nb6 12. Bb3 Bd7 13. Qc2 Kh8 14. a4 a5 15.
Ba2 f5 16. Bb1 Be8 17. Rcd1 g6 18. Ne5 Nd7 19. exf5 Nxf5 20. Ne4 Nf6 21. g4 Nh4
22. Ng5 Nd5 23. Nxe6 Qf6 24. Nxf8 Qxf8 25. f4 Nxf4 26. Qe4 Nhg2 27. Qxg2 Kg7 28.
Qe4 Qb4 29. Rxf4 Qxa4 30. Bc2 Qb5 31. Nd3 a4 32. Qe7+ Kh6 33. h4 Qc4 34. Qf8#
1-0

[Event "AUTO-MASTER-3305"]
[Site "http://www.queenalice.com/game.php?id=1873162"]
[Date "2026.5.8"]
[Round "1"]
[White "Fauquinelle"]
[Black "chessman"]
[Result "1-0"]
[WhiteElo "2049"]
[BlackElo "2090"]

1. d4 d5 2. c4 c6 3. Nc3 Nf6 4. Nf3 e6 5. Bg5 Be7 6. e3 O-O 7. Rc1 Re8 8. cxd5
exd5 9. Bd3 Nbd7 10. O-O h6 11. Bf4 a6 12. a3 Nf8 13. h3 c5 14. dxc5 Bxc5 15.
Bb1 Be6 16. Nxd5 Rc8 17. Nxf6+ Qxf6 18. Be5 Qe7 19. Rc3 Ba7 20. Qc2 Rxc3 21.
Bxc3 b5 22. Bb4 Qf6 23. Bc3 Qe7 24. Rd1 Rd8 25. Nd4 Bxd4 26. Rxd4 Rxd4 27. exd4
g6 28. Qe2 Qd7 29. Qe5 Qd5 30. Qf4 Kg7 31. Be4 Qd7 32. d5+ 1-0

[Event "AUTO-MASTER-3305"]
[Site "http://www.queenalice.com/game.php?id=1873163"]
[Date "2026.5.8"]
[Round "1"]
[White "chessman"]
[Black "Fauquinelle"]
[Result "0-1"]
[WhiteElo "2087"]
[BlackElo "2027"]

1. e4 c6 2. d4 d5 3. Nc3 dxe4 4. Nxe4 Bf5 5. Ng3 Bg6 6. Nf3 Nd7 7. Bc4 e6 8. O-O
Ngf6 9. Re1 Nb6 10. Bb3 Qc7 11. Ne5 O-O-O 12. Bf4 Bd6 13. Qe2 h6 14. Nxg6 fxg6
15. Qxe6+ Kb8 16. Bxd6 Rxd6 17. Qe3 Nbd5 18. c4 Nxe3 0-1

[Event "AUTO-MASTER-3305"]
[Site "http://www.queenalice.com/game.php?id=1873166"]
[Date "2026.5.8"]
[Round "1"]
[White "Fauquinelle"]
[Black "Pin"]
[Result "1/2-1/2"]
[WhiteElo "2120"]
[BlackElo "2109"]

1. d4 Nf6 2. c4 g6 3. g3 Bg7 4. Bg2 O-O 5. Nf3 c5 6. d5 d6 7. Nc3 Nbd7 8. O-O
Nb6 9. Qb3 Bg4 10. Re1 Qd7 11. a4 Bh3 12. e4 Bxg2 13. Kxg2 Qc7 14. Nb5 Qd8 15.
a5 Nbd7 16. Bd2 a6 17. Nc3 Qc8 18. Na4 Ng4 19. Nb6 Nxb6 20. Qxb6 Ne5 21. Nxe5
Bxe5 22. Bh6 Re8 23. f4 Bd4 24. e5 Qf5 25. Rac1 Rab8 26. exd6 exd6 27. b4 Rxe1
28. Rxe1 Qc2+ 29. Kh3 Qf5+ 30. Kg2 Qd7 31. bxc5 dxc5 32. Re4 Qa4 33. Rxd4 Qc2+
34. Kh3 cxd4 35. Qxd4 f6 36. d6 Qf5+ 37. g4 Qe6 38. Kg3 Rc8 39. c5 Qe1+ 40. Kh3
Qf1+ 41. Kh4 Qe1+ 42. Kh3 Qf1+ 43. Kg3 Qe1+ 44. Kh3 1/2-1/2

[Event "AUTO-MASTER-3305"]
[Site "http://www.queenalice.com/game.php?id=1873167"]
[Date "2026.5.8"]
[Round "1"]
[White "Pin"]
[Black "Fauquinelle"]
[Result "0-1"]
[WhiteElo "2128"]
[BlackElo "2107"]

1. d4 d5 2. Nf3 Nc6 3. e3 Nf6 4. b3 Bg4 5. Nbd2 Ne4 6. Bb2 a5 7. Be2 e6 8. O-O
Bb4 9. a3 Bc3 10. Nxe4 Bxb2 11. Ra2 dxe4 12. Nd2 Bxe2 13. Qxe2 Bxd4 14. exd4 f5
15. c3 O-O 16. Rd1 Ra6 17. Nc4 Ne7 18. Ne5 g6 19. Qe3 Kg7 20. Rad2 b5 21. h4 h6
22. c4 c6 23. d5 cxd5 24. c5 Nc6 25. Nxc6 Rxc6 26. Qd4+ Kh7 27. g3 g5 28. hxg5
Qxg5 29. b4 a4 30. Qe5 h5 31. Kg2 h4 32. Re2 Rg8 33. Rh1 Qe7 34. Kf1 Rg4 35. Kg2
Kg8 36. Qb8+ Kg7 37. Rxh4 Qxh4 38. Qb7+ Kf6 39. Qxc6 f4 40. Rd2 f3+ 41. Kg1 Qh3
42. Qd6 Qg2# 0-1

[Event "AUTO-MASTER-3297"]
[Site "http://www.queenalice.com/game.php?id=1873209"]
[Date "2026.5.9"]
[Round "2"]
[White "Guilherme_Ottoni"]
[Black "Fauquinelle"]
[Result "1/2-1/2"]
[WhiteElo "2273"]
[BlackElo "2017"]

1. e4 c6 2. d4 d5 3. exd5 cxd5 4. c4 Nf6 5. Nc3 e6 6. Nf3 Bb4 7. cxd5 Nxd5 8.
Qc2 a6 9. Bd2 Nd7 10. Nxd5 Bxd2+ 11. Qxd2 exd5 12. Be2 O-O 13. O-O Nf6 14. Bd3
Bg4 15. Ne5 Bh5 16. f3 Bg6 17. Nxg6 hxg6 18. Bc2 Qd7 19. Bb3 Rfe8 20. Rfe1 Rxe1+
21. Rxe1 Re8 22. Rxe8+ Nxe8 23. Kf2 Nc7 24. h3 1/2-1/2

[Event "AUTO-MASTER-3297"]
[Site "http://www.queenalice.com/game.php?id=1873210"]
[Date "2026.5.9"]
[Round "2"]
[White "Fauquinelle"]
[Black "Guilherme_Ottoni"]
[Result "0-1"]
[WhiteElo "2057"]
[BlackElo "2257"]

1. d4 d5 2. c4 dxc4 3. Nf3 a6 4. e3 Nf6 5. Bxc4 e6 6. O-O c5 7. a4 Be7 8. Nbd2
Nc6 9. Nb3 cxd4 10. Nbxd4 Bd7 11. Bd2 O-O 12. Qb3 Ne4 13. Bc3 Nxc3 14. Qxc3 Bf6
15. Qc2 Rc8 16. Qe2 Qb6 17. Rfb1 Rfd8 18. b3 Nxd4 19. Nxd4 Bxd4 20. exd4 Qxd4
21. Rd1 Qf6 22. Rd3 Bc6 23. Rad1 Rxd3 24. Rxd3 Rd8 25. h3 g6 26. Qd1 Rxd3 27.
Qxd3 Qa1+ 28. Kh2 Qe5+ 29. Kg1 Qe4 30. Qd8+ Kg7 31. f3 Qe1+ 32. Kh2 Qe5+ 33. Kg1
Bd5 34. Qc8 Qd4+ 35. Kh2 Bxc4 36. Qxc4 Qxc4 37. bxc4 Kf6 0-1

[Event "AUTO-MASTER-3297"]
[Site "http://www.queenalice.com/game.php?id=1873223"]
[Date "2026.5.9"]
[Round "2"]
[White "Fauquinelle"]
[Black "BeatifulDevil56"]
[Result "0-1"]
[WhiteElo "2103"]
[BlackElo "2262"]

1. d4 d5 2. c4 e6 3. Nc3 Nf6 4. Nf3 c6 5. Bg5 h6 6. Bxf6 Qxf6 7. e3 Bd6 8. c5
Bc7 9. Be2 O-O 10. b4 e5 11. dxe5 Bxe5 12. Nd4 Re8 13. O-O Qh4 14. g3 Qf6 15.
Bf3 Bxd4 16. Qxd4 Qxf3 17. Qf4 Qh5 18. f3 Nd7 19. Kg2 Nf6 20. Rae1 Bh3+ 21. Kh1
Bxf1 22. Rxf1 Qe5 23. Qxe5 Rxe5 24. Nd1 Rd8 25. Kg2 d4 26. e4 b6 0-1

[Event "AUTO-ADV-4918"]
[Site "http://www.queenalice.com/game.php?id=1873284"]
[Date "2026.5.12"]
[Round "2"]
[White "oniwa"]
[Black "Fauquinelle"]
[Result "1/2-1/2"]
[WhiteElo "1914"]
[BlackElo "2106"]

1. e4 c6 2. d4 d5 3. Nc3 dxe4 4. Nxe4 Bf5 5. Qf3 e6 6. Be3 Nf6 7. Nxf6+ Qxf6 8.
Bd3 Bb4+ 9. c3 Bxc3+ 10. bxc3 Bxd3 11. Rd1 Qxf3 12. Nxf3 Bc4 13. a4 Nd7 14. Nd2
Ba6 15. c4 b5 16. axb5 cxb5 17. Ra1 Bb7 18. O-O bxc4 19. Nxc4 Bd5 20. Nd6+ Ke7
21. Nb5 Rhc8 22. Rxa7 Rxa7 23. Nxa7 Rc7 24. Nb5 Rc2 25. Bf4 f6 26. h3 e5 27. Bg3
Bc4 28. Na3 Bxf1 29. Nxc2 Bc4 30. dxe5 Nxe5 1/2-1/2

[Event "AUTO-ADV-4914"]
[Site "http://www.queenalice.com/game.php?id=1873533"]
[Date "2026.5.18"]
[Round "2"]
[White "Fauquinelle"]
[Black "maurice916"]
[Result "1-0"]
[WhiteElo "2103"]
[BlackElo "1847"]

1. e4 c6 2. d4 d5 3. Nc3 dxe4 4. Nxe4 Nf6 5. Nxf6+ exf6 6. Bc4 Bd6 7. Qh5 O-O 8.
Bd3 g6 9. Qf3 Re8+ 10. Ne2 Bf8 11. Be3 Bg7 12. O-O-O Qa5 13. Nc3 f5 14. h4 b6
15. Kb1 Bb7 16. Qg3 Nd7 17. h5 Nf6 18. hxg6 fxg6 19. Rxh7 Nxh7 20. Qxg6 Bc8 21.
Rh1 Nf6 22. Bc4+ Kf8 23. Qf7# 1-0

[Event "AUTO-ADV-4914"]
[Site "http://www.queenalice.com/game.php?id=1873534"]
[Date "2026.5.18"]
[Round "2"]
[White "maurice916"]
[Black "Fauquinelle"]
[Result "0-1"]
[WhiteElo "1904"]
[BlackElo "2060"]

1. Nf3 g6 2. d4 c5 3. c3 cxd4 4. cxd4 d5 5. Nc3 Bg7 6. Bf4 Nc6 7. e3 Bg4 8. Be2
Nf6 9. h3 Bf5 10. a3 O-O 11. O-O Rc8 12. Ne5 Nd7 13. Bf3 Ndxe5 14. dxe5 Nxe5 15.
Be2 Be6 16. Qa4 a6 17. Rac1 Nc4 18. Bxc4 Rxc4 19. Qd1 Qa5 20. Qe1 Rfc8 21. Qe2
Rxc3 22. bxc3 Rxc3 23. Rxc3 Bxc3 24. Rb1 b5 25. Qd3 Bf5 26. e4 Bxe4 27. Qd1 Qxa3
28. Rc1 Qc5 29. Be3 d4 30. Bf4 b4 31. Qa4 Qb5 32. Qa2 b3 33. Qa3 e5 34. Bh6 Qb8
35. Qe7 b2 36. Qf6 bxc1=Q+ 37. Bxc1 Qb1 38. Qg5 Bb2 39. Qd8+ Kg7 0-1